| 000 -LEADER |
| fixed length control field |
00396cam a22001097a 4500 |
| 008 - FIXED-LENGTH DATA ELEMENTS--GENERAL INFORMATION |
| fixed length control field |
180718b1981 xxu||||| |||| 00| 0 eng d |
| 082 ## - DEWEY DECIMAL CLASSIFICATION NUMBER |
| Classification number |
R22x5452 T152/16 |
| 245 ## - TITLE STATEMENT |
| Title |
Report on the 16th Ouinquennial wage census in Tamil Nadu conducted during 1981 |
| Statement of responsibility, etc. |
by Department of Statistics |
| 260 ## - PUBLICATION, DISTRIBUTION, ETC. |
| Place of publication, distribution, etc. |
Madras |
| Name of publisher, distributor, etc. |
Government of Tamil Nadu |
| Date of publication, distribution, etc. |
1981 |
| 300 ## - PHYSICAL DESCRIPTION |
| Extent |
157p |
| 700 ## - ADDED ENTRY--PERSONAL NAME |
| Personal name |
Tamil Nadu. Department of Statistics |